| 000 | 01045nam a2200253Ia 4500 | ||
|---|---|---|---|
| 003 | OSt | ||
| 005 | 20220918110812.0 | ||
| 006 | a|||||r|||| 00| 0 | ||
| 007 | ta | ||
| 008 | 220915b |||||||| |||| 00| 0 hin d | ||
| 020 |
_a8185999775 (hbk) _c350 |
||
| 024 | _a245289 | ||
| 037 |
_b418, 28/02/2008, University Book House _cReference Collections |
||
| 040 |
_aARTS _cARTS _bhin |
||
| 041 |
_2hin _ahin |
||
| 082 | _aw2, 152P7(RR) | ||
| 100 | _aपंवार, मेहरबान ‘मनु’ | ||
| 245 | 0 |
_aसमय से संवाद _b जानी मानी हस्तियों के साक्षात्कार |
|
| 246 | _aSamaya se sanvāda: jānī mānī hastiyoan ke sākṣhātkāra | ||
| 260 |
_aदिल्ली _bस्वराज प्रकाशन भारत _c2007 |
||
| 300 | _a120पृ0 | ||
| 942 |
_hw2, 152P7(RR) _cREF |
||
| 999 |
_c114872 _d114872 |
||